Political theory of ancient India : (Record no. 40844)
[ view plain ]
| 000 -LEADER | |
|---|---|
| fixed length control field | 00822nam a2200229 a 4500 |
| 001 - CONTROL NUMBER | |
| control field | 40844 |
| 003 - CONTROL NUMBER IDENTIFIER | |
| rucl marc code | BD-RjUL |
| 005 - DATE AND TIME OF LATEST TRANSACTION | |
| control field | 20211209053303.0 |
| 008 - FIXED-LENGTH DATA ELEMENTS--GENERAL INFORMATION | |
| fixed length control field | 750818s1964 enk 000 0 eng d |
| 035 ## - SYSTEM CONTROL NUMBER | |
| System control number | OCLC ocm01558289 from D961125M |
| -- | (BD-RjUL)40959 |
| 040 ## - CATALOGING SOURCE | |
| Original cataloging agency | TOL |
| Transcribing agency | TOL |
| Modifying agency | UKM |
| -- | EQO |
| -- | BD-RjUL |
| Language of cataloging | eng |
| 041 ## - LANGUAGE CODE | |
| Language code of text/sound track or separate title | eng |
| 082 ## - DEWEY DECIMAL CLASSIFICATION NUMBER | |
| Edition number | 14 |
| Classification number | 320.954 |
| Author mark and year | SPP 1964 |
| 100 1# - MAIN ENTRY--PERSONAL NAME | |
| Personal name | Spellman, John W. |
| 9 (RLIN) | 125696 |
| 245 10 - TITLE STATEMENT | |
| Title | Political theory of ancient India : |
| Remainder of title | a study of kingship from the earliest times to circa A. D. 300 / |
| Statement of responsibility, etc. | by John W. Spellman. |
| 260 ## - PUBLICATION, DISTRIBUTION, ETC. (IMPRINT) | |
| Place of publication, distribution, etc. | Oxford : |
| Name of publisher, distributor, etc. | Clarendon Press, |
| Date of publication, distribution, etc. | 1964. |
| 300 ## - PHYSICAL DESCRIPTION | |
| Pagination | xxiv, 288 p. : |
| Illustrations | ill. ; |
| Size | 23 cm. |
| 504 ## - BIBLIOGRAPHY, ETC. NOTE | |
| Bibliography, etc | Bibliography: p. [264]-274 - Includes index. |
| 651 #0 - SUBJECT ADDED ENTRY--GEOGRAPHIC NAME | |
| Geographic name | India |
| General subdivision | Politics and government |
| Chronological subdivision | To 997. |
| 9 (RLIN) | 125697 |
| Geographic name | India |
| General subdivision | Kings and rulers. |
| 9 (RLIN) | 118491 |
| 942 ## - ADDED ENTRY ELEMENTS (KOHA) | |
| Source of classification or shelving scheme | Dewey Decimal Classification |
| Koha item type | Books |
| Lost status | Source of classification or shelving scheme | Damaged status | Not for loan | Collection code | Permanent Location | Current Location | Shelving location | Date acquired | Source of acquisition | Cost, normal purchase price | Total Checkouts | Full call number | Date last seen | Copy number | Koha item type |
|---|---|---|---|---|---|---|---|---|---|---|---|---|---|---|---|
| Dewey Decimal Classification | Non-fiction | Central Library, University of Rajshahi | Central Library, University of Rajshahi | 15/05/1974 | Oxford University Press | 41.80 | 320.954 SPP 1964 | 10/05/2016 | C-2 | Books | |||||
| Dewey Decimal Classification | Non-fiction | Central Library, University of Rajshahi | Central Library, University of Rajshahi | 01/07/1974 | Oxford University Press | 41.80 | 320.954 SPP 1964 | 10/05/2016 | C-3 | Books | |||||
| Dewey Decimal Classification | Non-fiction | Central Library, University of Rajshahi | Central Library, University of Rajshahi | 26/04/1974 | Oxford University Press | 50.40 | 320.954 SPP 1964 | 10/05/2016 | C-4 | Books | |||||
| Dewey Decimal Classification | Non-fiction | Central Library, University of Rajshahi | Central Library, University of Rajshahi | 21/12/1970 | Oxford University Press | 38.00 | 320.954 SPP 1964 | 10/05/2016 | C-5 | Books | |||||
| Dewey Decimal Classification | Non-fiction | Central Library, University of Rajshahi | Central Library, University of Rajshahi | 27/06/1970 | Zeitlinger | 38.00 | 320.954 SPP 1964 | 10/05/2016 | C-6 | Books | |||||
| Dewey Decimal Classification | Non-fiction | Central Library, University of Rajshahi | Central Library, University of Rajshahi | 27/06/1970 | Zeitlinger | 38.00 | 320.954 SPP 1964 | 10/05/2016 | C-7 | Books | |||||
| Dewey Decimal Classification | Non-fiction | Central Library, University of Rajshahi | Central Library, University of Rajshahi | 26/04/1974 | Oxford University Press | 50.40 | 320.954 SPP 1964 | 10/05/2016 | C-8 | Books | |||||
| Dewey Decimal Classification | Non-fiction | Central Library, University of Rajshahi | Central Library, University of Rajshahi | 27/06/1970 | Zeitlinger | 38.00 | 320.954 SPP 1964 | 10/05/2016 | C-1 | Books |